Biggest Cities in Estonia - Statistics

General Stats
  • This quiz has been taken 108 times
  • The average score is 5 of 10
Answer Stats
Population City % Correct
456,518 Tallinn
100%
97,304 Tartu
89%
52,495 Narva
78%
41,529 Pärnu
61%
12,989 Kuressaare
29%
17,157 Viljandi
29%
32,839 Kohtla-Järve
25%
15,668 Rakvere
21%
12,153 Sillamäe
11%
16,875 Maardu
8%
No matching quizzes found
Score Distribution
Percent of People with Each Score
Percentile by Number Answered
Your Score History
You have not taken this quiz